[Event "FIDE World Cup"]
[Site "Tromsoe"]
[Date "2013.08.17"]
[Round "3.1"]
[White "Vachier Lagrave, Maxime"]
[Black "Dominguez Perez, Leinier"]
[Result "1-0"]
[WhiteElo "2719"]
[BlackElo "2757"]
[Annotator "Vachier Lagrave,M"]
[PlyCount "99"]
[EventDate "2013.08.11"]
[EventType "k.o."]
[EventRounds "7"]
[EventCountry "NOR"]
[SourceTitle "CBM 156"]
[Source "ChessBase"]
[SourceDate "2013.09.17"]
[SourceVersion "1"]
[SourceVersionDate "2013.09.17"]
[SourceQuality "1"]

1. e4 c5 2. Nf3 d6 3. d4 cxd4 4. Nxd4 Nf6 5. Nc3 a6 6. Bg5 {I had directed
most of my preparation for the World Cup towards my Black openings with Slav
and Caro-Kann, which meant I had to be clever with White and try to surprise
my opponents. I had almost never played the critical 6.Bg5 against the Najdorf,
while at the same time spending a couple of days from time to time to check
this position from the black side, meaning that my workload during the free
day, though quite important, was manageable.} Nbd7 7. Bc4 Qb6 8. Bb3 e6 9. Qd2
Be7 10. O-O-O Nc5 11. Rhe1 Qc7 12. Kb1 h6 (12... O-O 13. f4 h6 14. h4 $1 {
this is very good for White, as Rublevsky has shown in recent years via the
Sozin variation 6.Bc4, and against me in Warsaw most recently:} b5 15. e5 dxe5
16. fxe5 Nh7 (16... Ng4 17. Qf4 $1 $40) 17. Bxe7 Qxe7 18. Ne4 $1 $16 Bb7 19.
Nxc5 Qxc5 20. g4 Qe7 21. Qh2 Rfd8 22. g5 hxg5 23. hxg5 Qxg5 24. Rg1 Qe3 25. c3
Be4+ 26. Ka1 Bg6 27. Rxg6 fxg6 28. Bxe6+ Kh8 29. Rh1 Qh6 30. Qg2 {1-0
Rublevsky,S (2688) Vachier Lagrave,M (2711)/Warsaw POL 2012/The Week in Chess
945}) 13. Bh4 b5 {This is premature but I spent a lot of time here as I
couldn't remember the useful content of my work the day before.} ({Instead I
had mainly focused on} 13... O-O 14. Bg3 b5 (14... Nh5 $6 15. Nf5 $1 {again}
Nxg3 (15... exf5 $2 16. Nd5 Qd8 17. Nxe7+ Qxe7 18. Bxd6 Nxb3 19. axb3 Qd8 20.
Bxf8 Qxf8 21. Qa5 $16) 16. Nxe7+ Qxe7 17. hxg3 $14) 15. e5 dxe5 16. Bxe5 Qb6 {
with a double-edged position.}) 14. Bd5 $6 (14. Bxf6 $1 Bxf6 15. Nf5 {a
typical manoeuvre that works well here.} exf5 (15... Nb7 $5 16. Nxd6+ Qxd6 (
16... Nxd6 17. e5 $1 $14) 17. Qxd6 Nxd6 18. e5 $1 {otherwise Black has
definite compensation for the pawn, so White is well advised to open the
e-file and get play for all his pieces, especially the Bb3.} Bh4 19. exd6 Bxf2
20. Re2 $14) 16. Nd5 Qd8 17. Nxf6+ Qxf6 18. e5 $1 {the critical move that I
didn't manage to keep in mind.} dxe5 (18... Qd8 19. exd6+ Ne6 20. Bxe6 $1 Bxe6
(20... fxe6 21. Qd5 Ra7 22. Rxe6+ Bxe6 23. Qxe6+ Kf8 24. d7 {Black has no
defence here as his pieces are too badly coordinated:} g6 25. Qd6+ Kf7 26. Qd5+
Kg7 27. Qd4+ $18) 21. d7+ Ke7 22. g4 $1 {weakening even more Black's king} fxg4
23. Qb4+ Kf6 24. Rd6 {with a relentless attack.}) 19. Rxe5+ Be6 (19... Ne6 $2
20. Qd6 $18) 20. Rxc5 {with a clear edge.}) 14... Bb7 $6 {This is a mistake,
Leinier probably didn't overlook the strong white follow-up as it is typical,
but I suppose he thought with so many exchanges it couldn't work so well for
White.} (14... Rb8 {I thought this was by far the best move for Black, after
which I probably would have gone for} 15. Bc6+ Bd7 (15... Kf8 $6 16. a3 {
is the quiet option, maybe objectively best} (16. e5 dxe5 17. Bg3 $1 Ncd7 $1 {
this seems dangerous for Black but it might be playable}) 16... b4 $2 17. axb4
Rxb4 18. Bxf6 Bxf6 19. Nd5 $16) 16. Bxd7+ Ncxd7 $1 (16... Qxd7 17. Nb3 Nxb3 18.
axb3 {and White has the initiative as he is is safe and Black has to lose time
to protect the d6-pawn with} Rd8 19. f4 $14) 17. f4 b4 18. Na4 O-O {with
unclear play.}) 15. Bxb7 Qxb7 (15... Nxb7 16. f4 O-O (16... Nxe4 $6 17. Rxe4
Bxh4 18. Nd5 $18) 17. e5 {here White is clearly better after} Ne4 $8 18. Rxe4
Bxh4 19. Nf3 Be7 20. f5 $1 exf5 21. Nd5 $16) 16. Bxf6 $1 gxf6 (16... Bxf6 17.
Nf5 $1 {and after} exf5 18. exf5+ Kf8 19. Qxd6+ Be7 20. Qe5 Re8 21. Nd5 Nd7 22.
Qe4 {Black has no good defence. Looking from here it is quite obvious that
Black cannot afford to play this but a few moves earlier it was not so obvious
to imagine that White's attack could take such gigantic proportions despite
the low number of minor pieces.}) 17. Qe3 {Here it is clear that I am much
better as Black has a lot of weaknesses and very little counterplay. Still I
have to play precisely in the next few moves to avoid letting Black regroup.}
O-O-O 18. Nb3 (18. Nd5 {Of course I considered this move that the computer
likes but I missed that after} exd5 19. exd5 Rd7 20. Nc6 Bd8 21. Qg3 $1 {
22.Qg7 trapping Black's rook is suddenly a very serious threat. But in any
case in a practical game it makes sense to gradually improve my position here
instead of immediately throwing my pieces forward at the risk of giving Black
some counterplay.}) 18... Nd7 (18... Nxb3 19. axb3 Kb8 20. f4 {with a textbook
advantage for White. But maybe it was objectively best because of White's
strong reply in the game.}) (18... Kb8 19. Nxc5 dxc5 20. Rxd8+ Rxd8 21. Qxh6
$16) 19. a4 $1 {I am not a big fan of committal moves when they are not needed
in a clearly better position, but I wanted to avoid the annoying possibility
of Ne5-c4, and I finally came to the conclusion that I was taking much less of
a risk with the opening of the queenside.} b4 20. Na2 Ne5 21. Qe2 $1 {Now
Black's knight is repelled and I get the opportunity to attack all of Black's
weaknesses: a6, b4, e6 and f7 are potentially in trouble!} Rd7 (21... Kb8 22.
f4 Nc6 23. Qh5 $1 Rhf8 24. Re2 $16) 22. f4 Nc6 23. f5 $1 {Again the right
decision, though an easy one. Black's position is on the edge of falling apart
completely.} exf5 24. Nd4 (24. exf5 d5 25. Nac1 {I missed this regrouping
using the now weak c5-square and apparently Black's position is rather
hopeless here. At the same time I like the text move which makes good use of
all of Black's weaknesses.}) 24... Nxd4 25. Rxd4 a5 26. Rd5 Bd8 (26... fxe4 27.
Qc4+ $1 {a cute zwischenzug that I didn't really consider prior to taking on
e4, but after} Rc7 28. Qxe4 {Black cannot defend a5 anymore, and White also
gets the possibility of checking on f5 first. The position is hopeless for
Black.}) 27. Rxf5 Re8 28. Rb5 Qc6 29. Nc1 $1 {After my knight joins the party
all of Black's weaknesses are likely to be too much to handle.} Re5 (29... Rde7
30. Qf3 (30. Qg4+ Qd7 31. Qf3 $16 {was my intention}) 30... Rxe4 31. Rd1 Rc4
32. Rd4 $1 {I will not pretend that I saw this move over the board, but it is
clear that tactics are very likely to favour White in such a nice positional
situation.} Re4 (32... Rxc2 33. Qf5+) 33. Qf5+ Kc7 34. Rxc4 Rxc4 35. Rxa5 $16)
30. Nb3 Rxb5 31. axb5 Qb6 32. Rd1 $1 {And the knight arrives with decisive
effect indeed.} a4 33. Nd4 Qc5 34. Nc6 Bb6 35. Rd4 b3 36. cxb3 axb3 37. Rc4
Qg1+ 38. Rc1 Qe3 39. Nd4+ Qxc1+ 40. Kxc1 Bxd4 {The smoke has cleared and Black
does not come close to managing any kind of blockade here.} 41. Qd3 Be5 42. h4
{A potentially passed h-pawn is an asset that should be kept dearly under most
circumstances.} Rc7+ 43. Kd1 Bxb2 44. Qxb3 Be5 (44... Bd4 45. Qd5 Bc5 46. Qa8+
Kd7 47. Qf8 $18) 45. Qd5 $1 {And now Black doesn't manage to blockade the
b-pawn with the king, and after...} Kb8 46. b6 Re7 47. g4 Bg3 48. Qc6 {...he
has no move against the king's journey to a6, followed by b7 and mate.} f5 49.
exf5 Bxh4 50. f6 $1 1-0